000 00792nam a2200241Ia 4500
003 OSt
005 20220923211108.0
006 a|||||r|||| 00| 0
007 ta
008 Pun
020 _a8181380428 (hbk)
_c200
024 _a280,741
037 _b804, 09/03/2014, H.K. Prakashan
_cTextual
040 _aARTS
_cARTS
_bPun
041 _2Pun
_aPun
082 _aNQ4443wNJA, 153Q3
100 _aਹੁੰਦਲ, ਹਰਭਜਨ ਸਿੰਘ
_9156274
245 0 _aਚਿਤਰਕਾਰ ਜਰਨੈਲ ਸਿੰਘ
260 _aਦਿੱਲੀ
_b ਐਮ ਪੀ ਪ੍ਰਕਾFਨ
_c2013
300 _a96ਪੰ
_ccm.
942 _hNQ4443wNJA, 153Q3
_cTEXL
_2CC
999 _c295184
_d295184